| 000 | 00778nam a2200193Ia 4500 | ||
|---|---|---|---|
| 005 | 20240530102250.0 | ||
| 008 | 140319s1986 xx 000 0 ara d | ||
| 040 |
_aGCL / _cGCL |
||
| 082 | 0 | 4 |
_a413.028 / _bم ا |
| 100 | 1 | _aمحمد حسن حسن جبل | |
| 245 | 1 | 0 |
_aالاستدراك على المعاجم العربية : _bفى ضوء مئتين من المستدركات الجديدة على لسان العرب وتاريخ العروس / _cمحمد حسن حسن جبل |
| 260 |
_aالقاهرة : _bدار الفكر العربى، _c1986 |
||
| 300 |
_a291 ص، _b24 سم |
||
| 650 | 0 | 4 |
_aاللغة العربية _2qrmak |
| 650 | 0 | 4 |
_aاللفظ _2qrmak |
| 650 | 0 | 4 |
_aالمعاجم _2qrmak |
| 942 |
_2ddc _cBK |
||
| 999 |
_c31024 _d31024 |
||